Les 20 pays avec accès à l'électricité le plus difficile - Statistiques

Statistiques générales
  • Ce quiz a été pris 110 fois
    51 depuis la dernière actualisation
  • Le résultat moyen est 15 sur 19
Statistiques - réponses
Continent
Pourcentage
de la population
ayant accès
Pays % Correct
Afrique 17.15 RD Congo
96%
Afrique 16.22 Niger
94%
Afrique 29.89 Somalie
88%
Afrique 8.95 Soudan-du-Sud
88%
Afrique 8.83 Tchad
88%
Afrique 26.70 Ouganda
82%
Afrique 13.99 Centrafrique
80%
Afrique 29.37 Rwanda
80%
Afrique 14.66 Guinée Bissau
78%
Afrique 19.16 Burkina Faso
76%
Afrique 22.90 Madagascar
76%
Afrique 32.80 Tanzanie
76%
Afrique 24.20 Mozambique
73%
Afrique 20.30 Sierra Leone
73%
Afrique 27.22 Zambie
73%
Afrique 7.59 Burundi
65%
Afrique 29.73 Lesotho
65%
Afrique 19.80 Liberia
65%
Afrique 11 Malawi
59%
Aucun quiz correspondant
Distribution des résultats
% des personnes avec chaque résultat
Percentile par nombre de réponses
Votre historique - résultats
Vous n’avez pas pris ce quiz depuis la dernière actualisation